00861nam a2200217 a 450000100100000000500170001000800410002704000250006808200100009310000360010324500530013926000500019230000260024249000150026850400740028383000220035704900090037995201160038895201220050499900170062600002275820200930021759.0101117s1970 ve r 000 e spa d aDO-SdBNPbspacBNPHU aP491s1 aPetkoff, Teodoro,d1932-94675911a¿Socialismo para Venezuela? /cTeodoro Petkoff. aCaracas, Venezuela :bDomingo Fuentes,c1970. a139, [2] p. ;c19 cm.1 aEstos dias aIncluye referencias bibliográficas y notas al pie de las páginas. 0aEstos dias946760 aBNGR 001052708MOaGRbGRcCTd2010-11-17iLF1l0oP491s p22758-10r2020-06-25w2020-06-25y2ZPréstamo interno 001052728MOaGRbGRcCTd2010-11-17iLF1l0oP491s p22758-20r2020-06-25te. 2w2020-06-25y2ZPréstamo interno c22255d22255